[Event "36th European Club Cup 2021"]
[Site "Struga"]
[Date "2021.09.24"]
[Round "7.11"]
[White "Anton Guijarro, David"]
[Black "Alonso Rosell, Alvar"]
[Result "1/2-1/2"]
[WhiteElo "2651"]
[BlackElo "2566"]
[Annotator "ChessBase"]
[PlyCount "95"]
[EventDate "2021.09.18"]
[EventType "team-tourn"]
[EventCountry "MKD"]
[SourceTitle "playchess.com"]
[Source "ChessBase"]
[SourceQuality "1"]
[TimeControl "40/5400+30:1800+30"]

1. d4 {[%emt 0:00:06]} Nf6 {[%emt 0:00:08]} 2. c4 {[%emt 0:00:15]} e6 {[%emt 0:
00:05]} 3. Nf3 {[%emt 0:00:23]} d5 {[%emt 0:00:06]} 4. Nc3 {[%emt 0:00:32]}
dxc4 {[%emt 0:00:08]} 5. e4 {[%emt 0:01:07]} b5 {[%emt 0:01:11]} 6. e5 {
[%emt 0:01:16]} Nd5 {[%emt 0:00:06]} 7. Nxb5 {[%emt 0:00:06]} Nb6 {[%emt 0:00:
05]} 8. Be2 {[%emt 0:03:06]} Nc6 {[%emt 0:00:30]} 9. O-O {[%emt 0:03:06]} Be7 {
[%emt 0:01:07]} 10. Nc3 {[%emt 0:02:03]} Qd7 {[%emt 0:03:56]} 11. Be3 {[%emt 0:
09:04]} O-O {[%emt 0:05:16]} 12. Qb1 {[%emt 0:10:37]} Nb4 {[%emt 0:05:45]} 13.
Ne4 {[%emt 0:05:08]} Bb7 {[%emt 0:24:47]} 14. Nc5 {[%emt 0:23:03]} Bxc5 {
[%emt 0:02:34]} 15. dxc5 {[%emt 0:00:05]} N6d5 {[%emt 0:00:09]} 16. Bd2 {
[%emt 0:03:26]} Nd3 {[%emt 0:06:43]} 17. Bxd3 {[%emt 0:01:20]} cxd3 {[%emt 0:
00:03]} 18. Qxd3 {[%emt 0:00:16]} Qc6 {[%emt 0:00:21]} 19. Ng5 {[%emt 0:04:06]}
f5 {[%emt 0:12:12]} 20. exf6 {[%emt 0:00:24]} Nxf6 {[%emt 0:00:07]} 21. Qh3 {
[%emt 0:01:43]} Rae8 {[%emt 0:02:00]} 22. Rfe1 {[%emt 0:00:53]} e5 {[%emt 0:02:
09]} 23. Qb3+ {[%emt 0:07:31]} Kh8 {[%emt 0:00:37]} 24. f3 {[%emt 0:00:03]} Qd7
{[%emt 0:19:18]} 25. Bc3 {[%emt 0:07:42]} Bd5 {[%emt 0:00:48]} 26. Qc2 {
[%emt 0:00:16]} h6 {[%emt 0:00:22]} 27. Ne4 {[%emt 0:00:43]} Nxe4 {[%emt 0:00:
41]} 28. fxe4 {[%emt 0:00:09]} Bc6 {[%emt 0:00:17]} 29. a4 {[%emt 0:04:08]} Rf4
{[%emt 0:03:48]} 30. Re2 {[%emt 0:02:06]} Qf7 {[%emt 0:00:59]} 31. b3 {[%emt 0:
03:25]} a6 {[%emt 0:03:44]} 32. h3 {[%emt 0:01:53]} Qg6 {[%emt 0:00:09]} 33.
Rae1 {[%emt 0:00:46]} Qe6 {[%emt 0:02:23]} 34. Re3 {[%emt 0:01:38]} Rb8 {
[%emt 0:01:05]} 35. Ba5 {[%emt 0:00:42]} Qf7 {[%emt 0:00:48]} 36. Rg3 {[%emt 0:
02:30]} Rf8 {[%emt 0:01:09]} 37. Kh2 {[%emt 0:01:10]} h5 {[%emt 0:02:01]} 38.
Qc3 {[%emt 0:01:05]} Re8 {[%emt 0:00:59]} 39. Rg5 {[%emt 0:01:15]} Rxe4 {
[%emt 0:00:49]} 40. Rxe4 {[%emt 0:00:00]} Bxe4 {[%emt 0:00:00]} 41. Qg3 {
[%emt 0:04:36]} c6 {[%emt 0:10:40]} 42. Bc3 {[%emt 0:03:40]} Kh7 {[%emt 0:00:
22]} 43. b4 {[%emt 0:01:26]} Bg6 {[%emt 0:01:58]} 44. Rxe5 {[%emt 0:04:50]}
Rxe5 {[%emt 0:03:09]} 45. Qxe5 {[%emt 0:00:15]} Bd3 {[%emt 0:06:38]} 46. Kg3 {
[%emt 0:07:04]} Qg6+ {[%emt 0:01:05]} 47. Kf2 {[%emt 0:03:26]} Be4 {[%emt 0:03:
41]} 48. Qg3 {[%emt 0:10:06]} 1/2-1/2

[Event "36th European Club Cup 2021"]
[Site "Struga"]
[Date "2021.09.24"]
[Round "7.12"]
[White "Henderson de La Fuente, Lance"]
[Black "Bartel, Mateusz"]
[Result "1/2-1/2"]
[WhiteElo "2491"]
[BlackElo "2611"]
[Annotator "ChessBase"]
[PlyCount "61"]
[EventDate "2021.09.18"]
[EventType "team-tourn"]
[EventCountry "MKD"]
[SourceTitle "playchess.com"]
[Source "ChessBase"]
[SourceQuality "1"]
[TimeControl "40/5400+30:1800+30"]

1. d4 {[%emt 0:00:05]} d5 {[%emt 0:01:32]} 2. Nf3 {[%emt 0:01:19]} Nf6 {
[%emt 0:00:09]} 3. c4 {[%emt 0:00:13]} e6 {[%emt 0:00:04]} 4. g3 {[%emt 0:00:
15]} Be7 {[%emt 0:00:07]} 5. Bg2 {[%emt 0:00:13]} O-O {[%emt 0:00:10]} 6. O-O {
[%emt 0:00:27]} dxc4 {[%emt 0:00:06]} 7. Qc2 {[%emt 0:00:54]} b6 {[%emt 0:00:
08]} 8. Bg5 {[%emt 0:01:39]} Nd5 {[%emt 0:00:10]} 9. Bxe7 {[%emt 0:00:50]} Qxe7
{[%emt 0:00:04]} 10. Qxc4 {[%emt 0:13:50]} Ba6 {[%emt 0:03:56]} 11. Qc2 {
[%emt 0:00:06]} Nd7 {[%emt 0:00:25]} 12. Nc3 {[%emt 0:01:07]} Nxc3 {[%emt 0:03:
39]} 13. bxc3 {[%emt 0:00:08]} Rac8 {[%emt 0:04:16]} 14. Rfe1 {[%emt 0:00:35]}
c5 {[%emt 0:00:37]} 15. Qa4 {[%emt 0:01:28]} Nb8 {[%emt 0:00:21]} 16. e4 {
[%emt 0:10:15]} cxd4 {[%emt 0:06:33]} 17. cxd4 {[%emt 0:00:05]} Rc4 {[%emt 0:
00:15]} 18. Qb3 {[%emt 0:01:03]} Rfc8 {[%emt 0:00:53]} 19. Qe3 {[%emt 0:00:41]}
Rc3 {[%emt 0:18:39]} 20. Qf4 {[%emt 0:00:15]} Nd7 {[%emt 0:10:38]} 21. h4 {
[%emt 0:06:45]} h6 {[%emt 0:02:35]} 22. e5 {[%emt 0:05:35]} Qb4 {[%emt 0:06:32]
} 23. Rad1 {[%emt 0:08:11]} Bd3 {[%emt 0:04:30]} 24. h5 {[%emt 0:12:22]} b5 {
[%emt 0:03:21]} 25. d5 {[%emt 0:05:44]} R8c4 {[%emt 0:06:33]} 26. Qd2 {[%emt 0:
04:32]} exd5 {[%emt 0:14:07]} 27. e6 {[%emt 0:00:17]} fxe6 {[%emt 0:00:08]} 28.
Rxe6 {[%emt 0:00:09]} Re4 {[%emt 0:02:02]} 29. Ng5 {[%emt 0:12:20]} hxg5 {
[%emt 0:00:43]} 30. Bxe4 {[%emt 0:00:17]} dxe4 {[%emt 0:02:26]} 31. Qxg5 {
[%emt 0:00:16]} 1/2-1/2

[Event "36th European Club Cup 2021"]
[Site "Struga"]
[Date "2021.09.24"]
[Round "7.14"]
[White "Shankland, Sam"]
[Black "Shevchenko, Kirill"]
[Result "1/2-1/2"]
[WhiteElo "2720"]
[BlackElo "2633"]
[Annotator "TA"]
[PlyCount "83"]
[EventDate "2021.09.18"]
[EventType "team-tourn"]
[EventCountry "MKD"]
[SourceTitle "playchess.com"]
[Source "ChessBase"]
[SourceQuality "1"]

{[%evp 20,83,34,11,30,18,22,23,30,37,39,0,0,0,17,0,26,26,27,28,94,40,40,40,50,
29,41,28,16,30,50,30,64,55,73,71,50,57,57,56,72,49,47,56,43,53,69,10,12,22,14,
0,0,0,0,0,0,0,0,0,0,0,0,0,0,0]} 1. e4 c5 2. Nf3 Nc6 3. d4 cxd4 4. Nxd4 Nf6 5.
Nc3 d6 6. Bg5 e6 7. Qd2 a6 8. O-O-O Bd7 9. f3 Nxd4 10. Qxd4 Be7 11. h4 b5 {
[%cal Bb7b5,Bb5b4][%mdl 32] B67: Sicilian: Richter-Rauzer: 7...a6 8 0-0-0 Bd7,
lines without 9 f4 Be7.} 12. Kb1 Qc7 13. Qd2 h6 {White has an edge.} 14. Be3 h5
15. Bg5 b4 16. Ne2 {[#]} Rb8 $146 ({Predecessor:} 16... a5 17. Nf4 Rb8 18. Rc1
a4 19. c4 bxc3 20. Rxc3 Qb6 21. Bc4 Bc6 22. Qc2 Bd7 {1-0 (50) Le,Q (2709)
-Karjakin,S (2752) chess24.com INT 2020}) 17. Nf4 Bb5 18. Rc1 ({Not} 18. Qxb4
$2 Bxf1 19. Qd2 Bb5 $19) 18... Bxf1 19. Rhxf1 Nd7 (19... a5 $11 {keeps the
balance.}) 20. c4 (20. b3 $16) 20... Nc5 21. Rfd1 Rb6 22. Nd3 a5 23. Nxc5 dxc5
24. e5 Rb7 25. Qe2 f6 26. exf6 {[%mdl 64] Discovered Attack} gxf6 27. Qxe6 {
Black must now prevent Bf4!} Rb6 {[#]} 28. Bf4 $1 Rxe6 29. Bxc7 a4 30. Re1 (30.
Rd5 {is interesting.} Re2 31. g3 Kf7 32. Rcd1 a3 33. R5d2) 30... Kf7 31. Rxe6
Kxe6 $14 {[%mdl 4096] Endgame KRB-KRB} 32. Re1+ Kf7 33. b3 (33. Bf4 $14) 33...
axb3 $11 {The position is equal.} 34. axb3 f5 35. g3 Bf6 36. Re3 Bd4 37. Rd3
Re8 38. Bf4 Re1+ 39. Kc2 Rg1 40. Rd1 Rg2+ 41. Rd2 Rg1 42. Rd1 {Weighted Error
Value: White=0.13/Black=0.09} 1/2-1/2

[Event "36th European Club Cup 2021"]
[Site "Struga"]
[Date "2021.09.24"]
[Round "7.15"]
[White "Asadli, Vugar"]
[Black "Dubov, Daniil"]
[Result "1/2-1/2"]
[WhiteElo "2578"]
[BlackElo "2714"]
[Annotator "TA"]
[PlyCount "61"]
[EventDate "2021.09.18"]
[EventType "team-tourn"]
[EventCountry "MKD"]
[SourceTitle "playchess.com"]
[Source "ChessBase"]
[SourceQuality "1"]

{[%evp 27,61,33,39,32,51,41,64,44,50,0,0,-19,-6,-18,0,0,0,0,0,0,112,112,112,
112,112,112,107,107,111,0,0,0,127,0,0,0]} 1. e4 c5 2. Nf3 Nc6 3. d4 cxd4 4.
Nxd4 Nf6 5. Nc3 e5 6. Ndb5 d6 7. Bg5 a6 8. Na3 b5 9. Nd5 Be7 10. Bxf6 Bxf6 11.
c3 Bg5 12. Nc2 O-O 13. a4 bxa4 14. Rxa4 Kh8 15. Be2 {B33: Sicilian: Pelikan
and Sveshnikov Variations.} f5 16. exf5 Bxf5 17. Nce3 {White is slightly
better.} Be6 {[#]} 18. Bg4 $146 ({Predecessor:} 18. O-O a5 19. Bg4 Bf7 20. Qd3
Rb8 21. Qe2 Bxe3 22. Nxe3 Bb3 23. Ra3 d5 24. Qd2 {1-0 (46) Yee,S (2278)
-Ferdiman,T (2000) Kuala Lumpur 2008}) 18... Bg8 19. Bf3 Rb8 20. Rxa6 Qc8 21.
Qa4 Bxd5 22. Nxd5 Nd4 23. cxd4 {aiming for 0-0.} e4 (23... Qc1+ $11 {keeps the
balance.} 24. Qd1 Bd2+ 25. Kf1 Qc4+ 26. Qe2 Qc1+ 27. Qd1 Qc4+ 28. Qe2 Qc1+ 29.
Qd1) 24. Bd1 $1 $16 {0-0 is the strong threat.} (24. Rxd6 exf3 25. gxf3 Qc1+
26. Qd1 Rfe8+ 27. Kf1 Qxd1+ $19) ({Avoid the trap} 24. Bxe4 $2 Qc1+ 25. Qd1
Bd2+ 26. Ke2 Qc4+ 27. Bd3 Qxd4 $19) ({Not} 24. Rc6 $2 Qf5 $19) 24... Bd2+ {
[%mdl 64] Decoy} 25. Kxd2 Rxb2+ 26. Ke3 {And now Qc6 would win.} Qc1+ 27. Kxe4
Qb1+ 28. Ke3 Qc1+ $1 29. Ke4 Qb1+ {[#]} 30. Ke3 (30. Bc2 $1 $16 Qxh1 31. Ne3)
30... Qc1+ $11 31. Ke4 {Weighted Error Value: White=0.24/Black=0.11} 1/2-1/2

[Event "36th European Club Cup 2021"]
[Site "Struga"]
[Date "2021.09.24"]
[Round "7.16"]
[White "Kryvoruchko, Yuriy"]
[Black "Suleymanli, Aydin"]
[Result "0-1"]
[WhiteElo "2689"]
[BlackElo "2536"]
[Annotator "RC"]
[PlyCount "136"]
[EventDate "2021.09.18"]
[EventType "team-tourn"]
[EventCountry "MKD"]
[SourceTitle "playchess.com"]
[Source "ChessBase"]
[SourceQuality "1"]
[TimeControl "40/5400+30:1800+30"]

1. e4 {[%emt 0:00:04]} c6 {[%emt 0:00:09]} 2. d4 {[%emt 0:00:10]} d5 {[%emt 0:
00:12]} 3. e5 {[%emt 0:00:04]} Bf5 {[%emt 0:00:10]} 4. Nf3 {[%emt 0:00:15]} e6
{[%emt 0:00:04]} 5. Be2 {[%emt 0:00:11]} c5 {[%emt 0:00:18]} 6. Be3 {[%emt 0:
00:54]} cxd4 {[%emt 0:00:13]} 7. Nxd4 {[%emt 0:00:06]} Ne7 {[%emt 0:00:05]} 8.
Nd2 {[%emt 0:00:41]} Nbc6 {[%emt 0:00:40]} 9. N2f3 {[%emt 0:00:19]} Be4 {
[%emt 0:01:05]} 10. O-O {[%emt 0:00:16]} a6 {[%emt 0:10:00]} 11. Rc1 {[%emt 0:
01:51]} Rc8 {[%emt 0:10:06]} 12. c4 {[%emt 0:09:40]} dxc4 {[%emt 0:02:04]} 13.
Bxc4 {[%emt 0:01:04]} Nd5 {[%emt 0:04:34]} 14. Nxc6 {[%emt 0:18:06]} Rxc6 {
[%emt 0:00:38]} 15. Nd4 {[%emt 0:03:32]} Nxe3 {[%emt 0:05:55]} 16. fxe3 {
[%emt 0:00:10]} Qg5 {[%emt 0:00:30]} 17. Qe2 {[%emt 0:09:05]} Bc5 {[%emt 0:05:
13]} 18. Rc3 {[%emt 0:13:13]} Qxe5 {[%emt 0:08:00]} 19. Nxc6 {[%emt 0:01:00]}
Bxc6 {[%emt 0:00:10]} 20. Qf2 {[%emt 0:02:51]} O-O {[%emt 0:00:50]} 21. Qf4 {
[%emt 0:01:07]} Qh5 {[%emt 0:02:26]} 22. Rf2 {[%emt 0:10:09]} Qd1+ {[%emt 0:11:
17]} 23. Bf1 {[%emt 0:00:05]} Ba7 {[%emt 0:00:11]} 24. Rd3 {[%emt 0:02:44]} Qh5
{[%emt 0:00:18]} 25. Be2 {[%emt 0:01:57]} Qg6 {[%emt 0:00:53]} 26. h4 {[%emt 0:
02:49]} Bb8 {[%emt 0:02:32]} 27. Qg4 {[%emt 0:03:01]} Bg3 {[%emt 0:00:20]} 28.
Rf1 {[%emt 0:00:45]} Qxg4 {[%emt 0:01:07]} 29. Bxg4 {[%emt 0:00:04]} Bb5 {
[%emt 0:00:03]} 30. Rb3 {[%emt 0:00:58]} Bxf1 {[%emt 0:00:05]} 31. Kxf1 {
[%emt 0:00:02]} Rb8 {[%emt 0:00:36]} 32. h5 {[%emt 0:00:48]} Kf8 {[%emt 0:01:
11]} 33. Bf3 {[%emt 0:00:52]} b6 {[%emt 0:00:10]} 34. Rc3 {[%emt 0:03:13]} Be5
{[%emt 0:00:31]} 35. Rc2 {[%emt 0:00:09]} Ke7 {[%emt 0:00:09]} 36. b3 {[%emt 0:
01:02]} a5 {[%emt 0:00:33]} 37. Ke2 {[%emt 0:00:30]} Bd6 {[%emt 0:00:36]} 38.
g4 {[%emt 0:03:30]} Bc5 {[%emt 0:01:01]} 39. Rd2 {[%emt 0:02:52]} Rc8 {[%emt 0:
00:33]} 40. Bb7 {[%emt 0:00:00]} Rc7 {[%emt 0:00:00]} 41. Be4 {[%emt 0:05:23]}
g6 {[%emt 0:02:00]} 42. hxg6 {[%emt 0:02:53]} hxg6 {[%emt 0:00:47]} 43. Bd3 {
[%emt 0:00:09]} Rc8 {[%emt 0:01:19]} 44. Be4 {[%emt 0:07:02]} Rh8 {[%emt 0:01:
18]} 45. Bg2 {[%emt 0:00:54]} Kf6 {[%emt 0:04:18]} 46. Kf3 {[%emt 0:06:39]} Bb4
{[%emt 0:02:10]} 47. Rd7 {[%emt 0:00:51]} Rc8 {[%emt 0:02:43]} 48. Bf1 {
[%emt 0:02:26]} g5 {[%emt 0:01:34]} 49. Bc4 {[%emt 0:03:01]} Rh8 {[%emt 0:01:
21]} 50. Kg2 {[%emt 0:04:01]} Bc5 {[%emt 0:00:36]} 51. e4 {[%emt 0:00:22]} Rh7
{[%emt 0:01:23]} 52. Bf1 {[%emt 0:04:52]} Ke5 {[%emt 0:00:33]} 53. Kg3 {
[%emt 0:01:06]} Be3 {[%emt 0:01:50]} 54. Bg2 {[%emt 0:00:13]} Rh8 {[%emt 0:02:
36]} 55. Kf3 {[%emt 0:01:56]} Bf4 {[%emt 0:00:45]} 56. Rxf7 {[%emt 0:00:17]}
Rc8 {[%emt 0:00:38]} 57. Rb7 {[%emt 0:01:14]} Rc3+ {[%emt 0:00:25]} 58. Ke2 {
[%emt 0:00:01]} Rc2+ {[%emt 0:01:23]} 59. Kf3 {[%emt 0:00:01]} Rc3+ {[%emt 0:
00:14]} 60. Ke2 {[%emt 0:00:01]} Be3 {[%emt 0:01:03]} 61. Rg7 {[%emt 0:00:45]}
Bc5 {[%emt 0:09:58]} 62. Rxg5+ {[%emt 0:03:52]} Kf4 {[%emt 0:00:07]} 63. Rh5 {
[%emt 0:00:02]} Rc2+ {[%emt 0:01:39]} 64. Kf1 {[%emt 0:00:01]} Kxg4 {[%emt 0:
00:32]} 65. Rh2 {[%emt 0:03:12]} Rf2+ {[%emt 0:00:33]} 66. Kg1 {[%emt 0:00:06]}
Rxa2+ {[%emt 0:00:11]} 67. Kf1 {[%emt 0:00:03]} Ra1+ {[%emt 0:00:08]} 68. Ke2 {
[%emt 0:00:01]} Kg3 {[%emt 0:00:12]} 0-1

[Event "36th European Club Cup 2021"]
[Site "Struga"]
[Date "2021.09.24"]
[Round "7.17"]
[White "Sadikhov, Ulvi"]
[Black "Inarkiev, Ernesto"]
[Result "1-0"]
[WhiteElo "2509"]
[BlackElo "2663"]
[Annotator "ChessBase"]
[PlyCount "137"]
[EventDate "2021.09.18"]
[EventType "team-tourn"]
[EventCountry "MKD"]
[SourceTitle "playchess.com"]
[Source "ChessBase"]
[SourceQuality "1"]
[TimeControl "40/5400+30:1800+30"]

1. c4 {[%emt 0:00:03]} e5 {[%emt 0:00:45]} 2. d3 {[%emt 0:00:11]} Ne7 {[%emt 0:
00:14]} 3. Nc3 {[%emt 0:01:13]} d5 {[%emt 0:03:25]} 4. cxd5 {[%emt 0:01:02]}
Nxd5 {[%emt 0:00:05]} 5. Nf3 {[%emt 0:02:35]} Nc6 {[%emt 0:06:41]} 6. e3 {
[%emt 0:01:42]} Be6 {[%emt 0:01:38]} 7. Be2 {[%emt 0:00:17]} Be7 {[%emt 0:00:
53]} 8. O-O {[%emt 0:00:13]} f5 {[%emt 0:03:24]} 9. a3 {[%emt 0:02:12]} Bf6 {
[%emt 0:12:53]} 10. Qc2 {[%emt 0:11:45]} Qd6 {[%emt 0:11:05]} 11. Nxd5 {
[%emt 0:12:55]} Qxd5 {[%emt 0:05:05]} 12. e4 {[%emt 0:03:46]} Qd7 {[%emt 0:06:
37]} 13. b4 {[%emt 0:01:15]} a6 {[%emt 0:00:25]} 14. Bb2 {[%emt 0:01:56]} O-O {
[%emt 0:02:35]} 15. Rac1 {[%emt 0:08:08]} Rac8 {[%emt 0:00:27]} 16. Qb1 {
[%emt 0:09:35]} Rfe8 {[%emt 0:08:15]} 17. Rfd1 {[%emt 0:14:29]} Kh8 {[%emt 0:
09:12]} 18. d4 {[%emt 0:08:01]} exd4 {[%emt 0:01:21]} 19. b5 {[%emt 0:02:29]}
axb5 {[%emt 0:05:47]} 20. Bxb5 {[%emt 0:00:15]} Bb3 {[%emt 0:03:46]} 21. Rxd4 {
[%emt 0:00:59]} Qf7 {[%emt 0:01:27]} 22. Bxc6 {[%emt 0:02:43]} bxc6 {[%emt 0:
00:03]} 23. e5 {[%emt 0:02:25]} Bxe5 {[%emt 0:00:44]} 24. Nxe5 {[%emt 0:02:03]}
Rxe5 {[%emt 0:00:03]} 25. Rb4 {[%emt 0:01:36]} Ba2 {[%emt 0:03:51]} 26. Qc2 {
[%emt 0:02:18]} Re6 {[%emt 0:00:53]} 27. Rf4 {[%emt 0:02:07]} Rf8 {[%emt 0:01:
11]} 28. a4 {[%emt 0:00:43]} Bd5 {[%emt 0:00:45]} 29. a5 {[%emt 0:00:43]} Rfe8
{[%emt 0:04:09]} 30. Qc3 {[%emt 0:00:30]} Qg6 {[%emt 0:02:38]} 31. g3 {[%emt 0:
00:48]} h6 {[%emt 0:03:28]} 32. Rf1 {[%emt 0:00:44]} Kh7 {[%emt 0:01:14]} 33.
a6 {[%emt 0:00:48]} Ra8 {[%emt 0:00:13]} 34. Qa5 {[%emt 0:02:57]} Re7 {[%emt 0:
00:44]} 35. a7 {[%emt 0:00:20]} Qh5 {[%emt 0:00:26]} 36. h4 {[%emt 0:00:57]}
Qe2 {[%emt 0:00:20]} 37. Qc5 {[%emt 0:00:37]} Rf7 {[%emt 0:01:27]} 38. Qd4 {
[%emt 0:00:29]} Kg6 {[%emt 0:00:36]} 39. Bc3 {[%emt 0:00:47]} Re7 {[%emt 0:00:
31]} 40. g4 {[%emt 0:00:00]} fxg4 {[%emt 0:00:00]} 41. Rxg4+ {[%emt 0:09:11]}
Kh5 {[%emt 0:02:21]} 42. Rg3 {[%emt 0:02:01]} Qe4 {[%emt 0:13:56]} 43. Qd1+ {
[%emt 0:00:13]} Qe2 {[%emt 0:05:54]} 44. Qd4 {[%emt 0:04:58]} Qe4 {[%emt 0:00:
16]} 45. Qd1+ {[%emt 0:00:22]} Qe2 {[%emt 0:00:11]} 46. Qc1 {[%emt 0:01:51]}
Qe4 {[%emt 0:05:20]} 47. Kh2 {[%emt 0:01:43]} Rf7 {[%emt 0:00:41]} 48. Qd1+ {
[%emt 0:07:47]} Rf3 {[%emt 0:00:15]} 49. Re1 {[%emt 0:01:14]} Qf4 {[%emt 0:05:
50]} 50. Re3 {[%emt 0:02:22]} Rxa7 {[%emt 0:00:47]} 51. Rexf3 {[%emt 0:01:08]}
Bxf3 {[%emt 0:00:04]} 52. Qxf3+ {[%emt 0:00:52]} Qxf3 {[%emt 0:00:01]} 53. Rxf3
{[%emt 0:00:04]} g6 {[%emt 0:00:05]} 54. Rf4 {[%emt 0:01:05]} Ra2 {[%emt 0:01:
48]} 55. Kg3 {[%emt 0:00:17]} Rc2 {[%emt 0:00:33]} 56. Rc4 {[%emt 0:00:29]} Rc1
{[%emt 0:00:27]} 57. Rc5+ {[%emt 0:00:11]} g5 {[%emt 0:00:03]} 58. hxg5 {
[%emt 0:00:05]} Rg1+ {[%emt 0:00:03]} 59. Kf3 {[%emt 0:00:29]} Rxg5 {[%emt 0:
01:22]} 60. Rxc6 {[%emt 0:00:44]} Rf5+ {[%emt 0:00:05]} 61. Ke3 {[%emt 0:00:45]
} Rb5 {[%emt 0:00:45]} 62. Rxc7 {[%emt 0:00:30]} Kg4 {[%emt 0:00:23]} 63. Ke4 {
[%emt 0:00:16]} h5 {[%emt 0:00:38]} 64. Rg7+ {[%emt 0:00:07]} Kh3 {[%emt 0:00:
05]} 65. f4 {[%emt 0:00:07]} Rb3 {[%emt 0:00:12]} 66. Bd4 {[%emt 0:00:11]} Rb1
{[%emt 0:00:35]} 67. f5 {[%emt 0:00:40]} Re1+ {[%emt 0:00:05]} 68. Be3 {
[%emt 0:00:51]} Rf1 {[%emt 0:00:14]} 69. Rg1 {[%emt 0:00:09]} 1-0

[Event "36th European Club Cup 2021"]
[Site "Struga"]
[Date "2021.09.24"]
[Round "7.18"]
[White "Predke, Alexandr"]
[Black "Ahmadzada, Ahmad"]
[Result "1-0"]
[WhiteElo "2662"]
[BlackElo "2462"]
[Annotator "ChessBase"]
[PlyCount "71"]
[EventDate "2021.09.18"]
[EventType "team-tourn"]
[EventCountry "MKD"]
[SourceTitle "playchess.com"]
[Source "ChessBase"]
[SourceQuality "1"]
[TimeControl "40/5400+30:1800+30"]

1. d4 {[%emt 0:01:00]} Nf6 {[%emt 0:00:12]} 2. c4 {[%emt 0:00:06]} c5 {[%emt 0:
00:10]} 3. d5 {[%emt 0:00:10]} e6 {[%emt 0:00:12]} 4. Nc3 {[%emt 0:00:06]} exd5
{[%emt 0:00:07]} 5. cxd5 {[%emt 0:00:03]} d6 {[%emt 0:00:08]} 6. e4 {[%emt 0:
00:14]} g6 {[%emt 0:00:09]} 7. Nf3 {[%emt 0:00:10]} Bg7 {[%emt 0:00:12]} 8. h3
{[%emt 0:00:07]} O-O {[%emt 0:00:14]} 9. Be3 {[%emt 0:00:10]} Re8 {[%emt 0:03:
25]} 10. Bd3 {[%emt 0:00:09]} Nbd7 {[%emt 0:10:07]} 11. O-O {[%emt 0:00:37]}
Ne5 {[%emt 0:04:17]} 12. Nxe5 {[%emt 0:00:54]} Rxe5 {[%emt 0:00:08]} 13. f4 {
[%emt 0:07:38]} Re8 {[%emt 0:00:47]} 14. Qf3 {[%emt 0:00:06]} a6 {[%emt 0:19:
05]} 15. a4 {[%emt 0:03:08]} Qc7 {[%emt 0:13:12]} 16. f5 {[%emt 0:23:10]} Kh8 {
[%emt 0:07:33]} 17. Bg5 {[%emt 0:07:59]} gxf5 {[%emt 0:01:50]} 18. Rae1 {
[%emt 0:13:50]} c4 {[%emt 0:05:00]} 19. e5 {[%emt 0:04:27]} Nd7 {[%emt 0:05:25]
} 20. exd6 {[%emt 0:13:45]} Qc5+ {[%emt 0:03:56]} 21. Kh1 {[%emt 0:02:00]} Rxe1
{[%emt 0:04:39]} 22. Rxe1 {[%emt 0:00:06]} Ne5 {[%emt 0:03:54]} 23. Bh6 {
[%emt 0:08:28]} f6 {[%emt 0:07:34]} 24. Qh5 {[%emt 0:09:31]} Qxd6 {[%emt 0:05:
26]} 25. Bxg7+ {[%emt 0:00:03]} Kxg7 {[%emt 0:00:08]} 26. Bxf5 {[%emt 0:00:02]}
Bxf5 {[%emt 0:00:18]} 27. Qxf5 {[%emt 0:00:02]} Rf8 {[%emt 0:01:06]} 28. Re3 {
[%emt 0:02:52]} b5 {[%emt 0:01:07]} 29. axb5 {[%emt 0:02:22]} axb5 {[%emt 0:00:
11]} 30. Nxb5 {[%emt 0:00:26]} Qxd5 {[%emt 0:00:24]} 31. Nc7 {[%emt 0:00:40]}
Qd1+ {[%emt 0:00:18]} 32. Kh2 {[%emt 0:00:00]} Kh8 {[%emt 0:02:36]} 33. Rxe5 {
[%emt 0:01:04]} Qd6 {[%emt 0:00:34]} 34. Ne6 {[%emt 0:00:03]} Rf7 {[%emt 0:00:
51]} 35. Ng5 {[%emt 0:00:02]} Rc7 {[%emt 0:01:51]} 36. Qc8+ {[%emt 0:01:29]}
1-0

[Event "36th European Club Cup 2021"]
[Site "Struga"]
[Date "2021.09.24"]
[Round "7.19"]
[White "Tari, Aryan"]
[Black "Grischuk, Alexander"]
[Result "1/2-1/2"]
[WhiteElo "2642"]
[BlackElo "2775"]
[Annotator "ChessBase"]
[PlyCount "60"]
[EventDate "2021.09.18"]
[EventType "team-tourn"]
[EventCountry "MKD"]
[SourceTitle "playchess.com"]
[Source "ChessBase"]
[SourceQuality "1"]
[TimeControl "40/5400+30:1800+30"]

1. e4 {[%emt 0:00:08]} e5 {[%emt 0:01:03]} 2. Nf3 {[%emt 0:00:07]} Nc6 {
[%emt 0:00:03]} 3. Bb5 {[%emt 0:00:06]} Nf6 {[%emt 0:00:16]} 4. O-O {[%emt 0:
00:17]} Nxe4 {[%emt 0:00:24]} 5. Re1 {[%emt 0:00:07]} Nd6 {[%emt 0:00:06]} 6.
Nxe5 {[%emt 0:00:07]} Be7 {[%emt 0:00:10]} 7. Bf1 {[%emt 0:00:18]} Nxe5 {
[%emt 0:00:21]} 8. Rxe5 {[%emt 0:00:06]} O-O {[%emt 0:00:05]} 9. d4 {[%emt 0:
00:15]} Bf6 {[%emt 0:00:14]} 10. Re1 {[%emt 0:00:08]} Re8 {[%emt 0:00:07]} 11.
Bf4 {[%emt 0:00:57]} Rxe1 {[%emt 0:00:47]} 12. Qxe1 {[%emt 0:00:05]} Ne8 {
[%emt 0:00:08]} 13. c3 {[%emt 0:00:31]} d5 {[%emt 0:00:42]} 14. Bd3 {[%emt 0:
00:42]} g6 {[%emt 0:02:16]} 15. Nd2 {[%emt 0:00:21]} Ng7 {[%emt 0:00:44]} 16.
Nf3 {[%emt 0:01:54]} c6 {[%emt 0:07:07]} 17. Qe2 {[%emt 0:05:14]} Bf5 {[%emt 0:
00:41]} 18. Bxf5 {[%emt 0:04:47]} Nxf5 {[%emt 0:00:19]} 19. Re1 {[%emt 0:00:30]
} Ng7 {[%emt 0:00:13]} 20. Be5 {[%emt 0:06:12]} Ne6 {[%emt 0:00:40]} 21. Bxf6 {
[%emt 0:03:51]} Qxf6 {[%emt 0:00:12]} 22. Ne5 {[%emt 0:00:12]} Re8 {[%emt 0:00:
13]} 23. Ng4 {[%emt 0:03:39]} Qd8 {[%emt 0:00:49]} 24. Qe5 {[%emt 0:03:59]} Ng7
{[%emt 0:00:13]} 25. Qxe8+ {[%emt 0:00:36]} Nxe8 {[%emt 0:00:07]} 26. Rxe8+ {
[%emt 0:00:06]} Qxe8 {[%emt 0:00:02]} 27. Nf6+ {[%emt 0:00:07]} Kf8 {[%emt 0:
00:03]} 28. Nxe8 {[%emt 0:00:07]} Kxe8 {[%emt 0:00:02]} 29. f4 {[%emt 0:00:13]}
f5 {[%emt 0:00:04]} 30. Kf2 {[%emt 0:00:12]} Ke7 {[%emt 0:00:02]} 1/2-1/2